Sygnały na semaforach do wyboru - Statystyki

Ogólne statystyki
  • Ten quiz został rozwiązany 1 417 razy
    966 od ostatniego zresetowania
  • Średni wynik to 23 z 39
Statystyki odpowiedzi
Zagadnienie Odpowiedź % Poprawnych
Absolutny zakaz wjazdu do tunelu. (SBL.)
75%
Zezwolenie na jazdę do 60 km/h, ale następny semafor nakazuje zatrzymanie się.
73%
Stój. (Semafor pięciokomorowy.)
72%
Zezwolenie na jazdę do 100km/h, ale następny semafor pozwala na jazdę maksymalną prędkością.
71%
Urządzenie sygnalizacyjne na przejeździe jest sprawne.
70%
Jazda manewrowa zabroniona.
70%
Jazda manewrowa dozwolona.
70%
Zezwolenie na jazdę do 40 km/h, ale następny semafor pokazuje ograniczenie do 40 lub 60km/h.
70%
Zezwolenie na jazdę do 100km/h.
69%
Następny semafor pokazuje nakaz jazdy do 100km/h.
69%
Jazda maksymalną prędkością, dwa lub trzy odstępy blokowe wolne. (SBL.)
69%
Zezwolenie na jazdę z najwyższą prędkością na tym i następnym semaforze.
68%
Zezwolenie na jazdę do 60 km/h, ale następny semafor pokazuje ograniczenie do 100km/h.
68%
Sygnał zastępczy.
67%
Zezwolenie na jazdę do 100km/h, ale następny semafor pokazuje ograniczenie do 40 lub 60km/h.
67%
Zezwolenie na jazdę do 60 km/h, ale następny semafor pozwala na jazdę maksymalną prędkością.
67%
Urządzenie sygnalizacyjne na przejeździe jest niesprawne.
66%
Zezwolenie na jazdę do 100km/h na tym i następnym semaforze.
66%
Zezwolenie na jazdę do 40km/h, ale następny semafor nakazuje zatrzymanie się.
66%
Zezwolenie na jazdę do 40 km/h, ale następny semafor pokazuje ograniczenie do 100km/h.
65%
Zezwolenie na jazdę maksymalną prędkością, ale następny semafor pokazuje ograniczenie do 100km/h.
64%
Zezwolenie na jazdę do 100km/h, ale następny semafor nakazuje zatrzymanie się.
64%
Zezwolenie na jazdę do 40 km/h, ale następny semafor pozwala na jazdę maksymalną prędkością.
64%
Zezwolenie na jazdę do 60 km/h, ale następny semafor pokazuje ograniczenie do 40 lub 60km/h.
62%
Zezwolenie na jazdę maksymalną prędkością.
60%
Następny semafor pokazuje sygnał stop. (Semafor powtarzający.)
60%
Jazda maksymalną prędkością, ale przy następnym semaforze z maskymalną lub ograniczoną do 100km/h. (SBL.)
60%
Stój. (SBL, blokada trzystawna lub czterostawna.)
56%
Stój. (SBL, blokada dwustawna.)
53%
Zezwolenie na jazdę maksymalną prędkością, ale następny semafor pokazuje ograniczenie do 40 lub 60km/h.
52%
Odwołanie sygnału z semafora powtarzającego.
46%
Następny semafor wskazuje sygnał stop. (SBL.)
44%
Następny semafor pokazuje nakaz jazdy do 40 lub 60km/h.
43%
Zezwolenie na jazdę maksymalną prędkością, ale następny semafor nakazuje zatrzymanie się.
43%
Wolna Droga. (SBL.)
41%
Nakaz zatrzymania się. (Semafor ostrzegawczy.)
30%
Zezwolenie na jazdę do 40 lub 60km/h.
29%
Odwołanie sygnału z semafora ostrzegawczego.
27%
Następny semafor pokazuje zezwolenie na jazdę maksymalną prędkością.
27%
Nie znaleziono quizów pasujących do podanych kryteriów
Rozkład punktacji
Procent ludzi z każdym wynikiem
Percentyl według liczby udzielonych odpowiedzi
Twoja historia wyników
Nie rozwiązałeś tego quizu od ostatniego zresetowania